| 000 | 00537pab a2200169 454500 | ||
|---|---|---|---|
| 008 | 180718b2002 xxu||||| |||| 00| 0 eng d | ||
| 100 | _aLeach, William D. | ||
| 245 | _aStrakeholder partnerships as collaborative policy making: evaluation criteria applied to watershed management in California and Washington | ||
| 260 | _c2002 | ||
| 300 | _ap.645-70. | ||
| 362 | _aFall | ||
| 650 | _aWatersheds | ||
| 700 | _aSabatier, Paul A. | ||
| 700 | _aPelkey, Neil W. | ||
| 773 | _aJournal of Policy Analysis and Management | ||
| 909 | _a54226 | ||
| 999 |
_c54226 _d54226 |
||